000 00261nam a2200109Ia 4500
008 190914s9999||||xx |||||||||||||| ||und||
100 _aKeki R. Bhote
245 4 _aThe Power of Ultimate Six Sigma
260 _aIndia
_bDorling
_c2008
300 _a550
942 _cBK
999 _c9965
_d9965